000 01185nam a2200217Ia 4500
999 _c27259
_d27259
003 OSt
005 20210127150652.0
008 160316s2009 xxu||||| |||| 00| 0 eng d
020 _a978-1422199909
040 _cnls
082 _a658.4
_bINN
100 _a
245 _aThe innovator's toolkit : 10 practical strategies to help you develop and implement innovation
260 _aBoston
_bHarvard Business Review
_c2009
300 _a272p
_cxiii
365 _b Rs. 495
505 _aContents; Introduction; 1. Types of Innovation; 2. Idea Generation; 3. Recognizing Opportunities; 4. From Recognition to Support; 5. Early Tests of Business Potential; 6. Types of Strategy;. 7. Strategic Moves; 8. The S-Curve and Its Strategic Lessons; 9. Finding the Future; 10. Placing Strategic Bets; 11. Human Creativity; 12. Working through Creative Groups; 13. Toward a Creativity-Friendly Workplace; 14. Leaders Can Make a Difference; Appendix A: Writing a Business Plan; Appendix B: Workplace Assessment Checklist; Notes; Glossary; Index.
650 _a1. Technological Innovations2. Creative Ability In Business
700 _a
_a
942 _2ddc
_cBK